Merchant ship stability / (Record no. 3354)
[ view plain ]
| 000 -LEADER | |
|---|---|
| fixed length control field | 04451cam a2200493 a 4500 |
| 006 - FIXED-LENGTH DATA ELEMENTS--ADDITIONAL MATERIAL CHARACTERISTICS--GENERAL INFORMATION | |
| fixed length control field | m o d |
| 007 - PHYSICAL DESCRIPTION FIXED FIELD--GENERAL INFORMATION | |
| fixed length control field | cr bn||||||abp |
| 007 - PHYSICAL DESCRIPTION FIXED FIELD--GENERAL INFORMATION | |
| fixed length control field | cr bn||||||ada |
| 008 - FIXED-LENGTH DATA ELEMENTS--GENERAL INFORMATION | |
| fixed length control field | 101110s1985 enka ob 001 0 eng d |
| 020 ## - INTERNATIONAL STANDARD BOOK NUMBER | |
| International Standard Book Number | 9781483102443 |
| Qualifying information | (electronic bk.) |
| 020 ## - INTERNATIONAL STANDARD BOOK NUMBER | |
| International Standard Book Number | 1483102440 |
| Qualifying information | (electronic bk.) |
| 040 ## - CATALOGING SOURCE | |
| Original cataloging agency | IMU Kochi Library |
| Language of cataloging | eng |
| 041 0# - LANGUAGE CODE | |
| Language code of text/sound track or separate title | eng |
| 082 04 - DEWEY DECIMAL CLASSIFICATION NUMBER | |
| Classification number | 623.8/171 |
| Edition number | 19 |
| 100 1# - MAIN ENTRY--PERSONAL NAME | |
| Personal name | Lester, A. R. |
| Fuller form of name | (Alan Robert) |
| 245 10 - TITLE STATEMENT | |
| Title | Merchant ship stability / |
| 260 ## - PUBLICATION, DISTRIBUTION, ETC. (IMPRINT) | |
| Place of publication, distribution, etc | London ; |
| -- | Boston : |
| Name of publisher, distributor, etc | Butterworths, |
| Date of publication, distribution, etc | 1985. |
| 300 ## - PHYSICAL DESCRIPTION | |
| Extent | 1 online resource (xii, 314 pages) : |
| Other physical details | illustrations |
| 490 1# - SERIES STATEMENT | |
| Series statement | Marine engineering series |
| 504 ## - BIBLIOGRAPHY, ETC. NOTE | |
| Bibliography, etc | Includes bibliographical references (page 120) and index. |
| 505 0# - FORMATTED CONTENTS NOTE | |
| Formatted contents note | Front Cover; Merchant Ship Stability; Copyright Page; Preface; Author's Note; Acknowledgements; Table of Contents; Chapter 1. Ship form and measurement; OBJECTIVES; DEFINITIONS; RELATIONSHIPS BETWEEN DIMENSIONS; MEASUREMENT OF AREA; EXAMPLES; MOMENTS OF AREAS AND VOLUMES AND CENTROIDS; APPLICATION OF SIMPSON'S RULES; DETERMINING VALUES OF FIRST AND SECOND MOMENTS ABOUT AXES FOR SHIP'S WATERPLANES; QUESTIONS ON SIMPSON'S RULES; SIMPSON'S RULES (ANSWERS); Chapter 2. Flotation; OBJECTIVES; PRESSURE; ARCHIMEDES' PRINCIPLE; PRINCIPLE OF FLOATATION; DISPLACEMENT; TONNE PER CENTIMETRE IMMERSION |
| 505 8# - FORMATTED CONTENTS NOTE | |
| Formatted contents note | DEFINITIONSLOAD LINES; QUESTIONS ON HYDROSTATICS; HYDROSTATICS (ANSWERS); LOAD LINE QUESTIONS; LOAD LINE (ANSWERS); Chapter 3. Determination of position of centre of gravity; OBJECTIVES; POSITION OF CENTRE OF GRAVITY RELATIVE TO KEEL AND CENTRE LINE; SHIFT OF WEIGHT; ADDING OR REMOVING A SINGLE WEIGHT; QUESTIONS ON KG; KG (ANSWERS); Chapter 4. Conditions of equilibrium; OBJECTIVES; CONDITIONS OF EQUILIBRIUM; STABLE EQUILIBRIUM FOR A SHIP; NEUTRAL EQUILIBRIUM FOR A SHIP; UNSTABLE EQUILIBRIUM FOR A SHIP; ASSESSMENT OF INITIAL STABILITY; TRANSVERSE METACENTRE OF A BOX SHAPED VESSEL |
| 505 8# - FORMATTED CONTENTS NOTE | |
| Formatted contents note | BM FOR A SHIP SHAPEQUESTIONS ON GM; GM (ANSWERS); Chapter 5. List and free surface; OBJECTIVES; LIST; EFFECT OF SUSPENDING WEIGHTS; QUESTIONS ON LIST; LIST (ANSWERS); FREE SURFACES; EFFECT OF LONGITUDINAL SUBDIVISION; EFFECT OF TRANSVERSE SUBDIVISION; EFFECT OF DEPTH OF LIQUID; QUESTIONS ON FREE SURFACE; FREE SURFACE (ANSWERS); CALCULATION OF INITIAL KG-THE INCLINING TEST; UNRESISTED ROLLING IN STILL WATER; QUESTIONS ON INCLINING TESTS; INCLINING TEST (ANSWERS); INCREASE IN DRAFT DUE TO HEEL; Chapter 6. Stability at large angles of heel; OBJECTIVES; FORM OF GZ CURVES; FEATURES OF GZ CURVES |
| 505 8# - FORMATTED CONTENTS NOTE | |
| Formatted contents note | DYNAMICAL STABILITYSTABILITY REQUIREMENTS UNDER LOAD LINE RULES; CONDITIONS OF EQUILIBRIUM FROM GZ CURVES; EFFECT OF FORM ON GZ CURVE; EFFECT OF SHIFTING WEIGHTS WITHIN THE VESSEL; GRAIN; HEEL DUE TO WIND LOADING; Chapter 7. Calculation of righting level and assessment of stability; OBJECTIVES; KN CURVES; WALL-SIDED VESSELS; ANGLE OF LOLL; QUESTIONS ON WALL SIDED FORMULA; WALL SIDED FORMULA (ANSWERS); SIMPLIFIED STABILITY INFORMATION; QUESTIONS ON USE OF SIMPLIFIED STABILITY DATA; SIMPLIFIED STABILITY DATA (ANSWERS); Chapter 8. Longitudinal stability-trim; OBJECTIVES |
| 505 8# - FORMATTED CONTENTS NOTE | |
| Formatted contents note | EFFECT OF LOADING OR DISCHARGING A WEIGHT AT THE CENTRE OF FLOTATIONCHANGE OF TRIM DUE TO SHIFTING A MODERATE WEIGHT ALREADY ON BOARD; MEAN DRAFT; CHANGE IN TRIM DUE TO CHANGE IN DENSITY; CALCULATION OF TRIM WHEN HANDLING LARGE WEIGHTS; DETERMINATION OF DISPLACEMENT (DRAFT SURVEY); QUESTIONS ON TRIM; TRIM (ANSWERS); Chapter 9. Dry docking and grounding; OBJECTIVES; DRY DOCKING; ASSESSMENT OF REDUCTION IN KM; ASSESSMENT OF RISE IN EFFECTIVE KG; GROUNDING; QUESTIONS ON DRY DOCKING AND GROUNDING; DRY DOCKING AND GROUNDING (ANSWERS); Chapter 10. Bilging; OBJECTIVES; FLOODING AND STABILITY |
| 650 #0 - SUBJECT ADDED ENTRY--TOPICAL TERM | |
| Topical term or geographic name as entry element | Stability of ships. |
| 650 #0 - SUBJECT ADDED ENTRY--TOPICAL TERM | |
| Topical term or geographic name as entry element | Merchant ships. |
| 650 #6 - SUBJECT ADDED ENTRY--TOPICAL TERM | |
| Topical term or geographic name as entry element | Navires marchands. |
| 650 #7 - SUBJECT ADDED ENTRY--TOPICAL TERM | |
| Topical term or geographic name as entry element | merchant vessels. |
| Source of heading or term | aat |
| 650 #7 - SUBJECT ADDED ENTRY--TOPICAL TERM | |
| Topical term or geographic name as entry element | TECHNOLOGY & ENGINEERING |
| General subdivision | Military Science. |
| Source of heading or term | bisacsh |
| 650 #7 - SUBJECT ADDED ENTRY--TOPICAL TERM | |
| Topical term or geographic name as entry element | Merchant ships. |
| Source of heading or term | fast |
| 650 #7 - SUBJECT ADDED ENTRY--TOPICAL TERM | |
| Topical term or geographic name as entry element | Stability of ships. |
| Source of heading or term | fast |
| 830 #0 - SERIES ADDED ENTRY--UNIFORM TITLE | |
| Uniform title | Marine engineering series. |
| 852 ## - LOCATION/CALL NUMBER | |
| Location | IMU Kochi Library |
| 856 ## - ELECTRONIC LOCATION AND ACCESS | |
| Uniform Resource Identifier | <a href="https://www.sciencedirect.com/science/book/9780408014489">https://www.sciencedirect.com/science/book/9780408014489</a> |
| 904 ## - LOCAL DATA ELEMENT D, LDD (RLIN) | |
| CATALOGER | Rudra Ranjan |
| 905 ## - LOCAL DATA ELEMENT E, LDE (RLIN) | |
| VERIFIER | Rudra Ranjan |
| 942 ## - ADDED ENTRY ELEMENTS (KOHA) | |
| Item type | E-Book |
| 338 ## - | |
| -- | online resource |
| 650 #6 - SUBJECT ADDED ENTRY--TOPICAL TERM | |
| -- | (CaQQLa)201-0004618 |
| 650 #7 - SUBJECT ADDED ENTRY--TOPICAL TERM | |
| -- | (CStmoGRI)aat300232781 |
| 650 #7 - SUBJECT ADDED ENTRY--TOPICAL TERM | |
| -- | (OCoLC)fst01017038 |
| 650 #7 - SUBJECT ADDED ENTRY--TOPICAL TERM | |
| -- | (OCoLC)fst01131222 |
No items available.